Atlas universal Zig-Zag

Saved in:
書目詳細資料
Main Authors: González Leiva, José Ignacio, Errázuriz Korner, Ana María (Author), Rodríguez Peña, Félix (Author)
格式: 圖書
語言:西班牙语
出版: Santiago Zig-Zag 1996
版:3a. ed
主題:
標簽: 添加標簽
沒有標簽, 成為第一個標記此記錄!

MARC

LEADER 00000nam a2200000 a 4500
001 UCI3811
003 CL-VaPUC
008 071130e19960000CL |||||||||||||||||spa|d
020 |a 9561210177 
082 0 4 |a 912  |b GON  |2 21 
100 |a González Leiva, José Ignacio  |9 834007 
700 |a Errázuriz Korner, Ana María  |e author  |9 307242 
700 0 |a Rodríguez Peña, Félix  |e author  |9 525339 
245 1 0 |a Atlas universal Zig-Zag 
250 |a 3a. ed 
300 |a 96 p 
942 |c BK 
945 |d 20071130 00:00:00  |a rbrito 
260 |a Santiago  |b Zig-Zag  |c 1996 
650 0 |a Mapas  |9 260844 
650 0 |a Cartografía   |9 266055 
583 |a last modification  |c 20071130 00:00:00  |k Rodrigo Vera 
999 |c 327885  |d 327883 
952 |0 0  |1 0  |4 0  |6 912_000000000000000_GON_1996  |7 0  |8 A  |9 411404  |a BIBEDU  |b BIBEDU  |d 2019-11-22  |i 4393074  |o 912 GON 1996  |p 4393074  |r 2023-01-13  |w 2019-11-22  |y BK  |k EBA